00561nam a2200145Ia 4500999001700000020001500017082001600032100002400048245015000072260005400222300000800276546001200284942001300296952010600309 c23231d23231 a8187607122 a500bGOV/DI aGovernment of India aDirectory of Extramural Research and Development Projects Approved for Funding by Selected Central Government Agencies/Departments During 2003-04 aNew DelhibMinistry if Science & Technologyc2006 a218 aEnglish 2ddccREP 00102ddc4070aKAUCLVbKAUCLVcREPORTSd2014-03-18l0o500 GOV/DIp805071r2014-03-18 00:00:00yREP